El Ermitage, Leningrado (Record no. 60010)

MARC details
000 -LEADER
campo de control de longitud fija 00769nam a2200217 i 4500
001 - NÚMERO DE CONTROL
campo de control 60010
003 - IDENTIFICADOR DE NÚMERO DE CONTROL
campo de control ES-MaACL
005 - FECHA Y HORA DE LA ÚLTIMA TRANSACCIÓN
campo de control 20230906164135.0
007 - CAMPO FIJO DE DESCRIPCIÓN FÍSICA--INFORMACIÓN GENERAL
campo de control de longitud fija t|
008 - DATOS DE LONGITUD FIJA--INFORMACIÓN GENERAL
campo de control de longitud fija 031031s1970 sp f |||| | spa d
245 03 - MENCIÓN DEL TÍTULO
Título El Ermitage, Leningrado
Resto del título : maestros franceses del siglo XIX /
Mención de responsabilidad, etc. prefacio de A.N. Izerguina ; [traducción de P. Calders y J. Moncada ; texto revisado por J. Soler Vidal].
260 ## - PUBLICACIÓN, DISTRIBUCIÓN, ETC.
Lugar de publicación, distribución, etc. Barcelona :
Nombre del editor, distribuidor, etc. Montaner y Simón,
Fecha de publicación, distribución, etc. [1970]
300 ## - DESCRIPCIÓN FÍSICA
Extensión XIV p., 90 lám. ;
Dimensiones 31 cm.
610 24 - PUNTO DE ACCESO ADICIONAL DE MATERIA--NOMBRE DE ENTIDAD CORPORATIVA
Nombre de entidad corporativa o nombre de jurisdicción como elemento de entrada Gosudarstvennyj Èrmitaz.
9 (RLIN) 157954
650 #4 - PUNTO DE ACCESO ADICIONAL DE MATERIA--TÉRMINO DE MATERIA
Término de materia o nombre geográfico como elemento de entrada Pintura francesa-
Subdivisión cronológica S.XIX.
9 (RLIN) 156487
700 1# - ENTRADA AGREGADA--NOMBRE PERSONAL
Nombre de persona Izerguina, A. N.
9 (RLIN) 65690
700 1# - ENTRADA AGREGADA--NOMBRE PERSONAL
Nombre de persona Calders, P.
9 (RLIN) 33635
700 1# - ENTRADA AGREGADA--NOMBRE PERSONAL
Nombre de persona Moncada, J.
9 (RLIN) 82118
700 1# - ENTRADA AGREGADA--NOMBRE PERSONAL
Nombre de persona Soler Vidal, Josep.
9 (RLIN) 107196
852 ## - LOCALIZACIÓN
Ubicación ES-MaACL
Número de control de estantería C-41696
Holdings
Estatus retirado Estado de pérdida Estado de daño No para préstamo Biblioteca de origen Biblioteca actual Ubicación en estantería Fecha de adquisición Fuente de adquisición Total de préstamos Signatura topográfica completa Código de barras Visto por última vez Precio de reemplazo Tipo de ítem Koha
        Biblioteca del Ateneo de Madrid Biblioteca del Ateneo de Madrid Depósito 2 17/01/2008     C-41696 1062938 23/02/2023 23/02/2023 Libro impreso